000 00519cam a2200157 a 4500
005 20250901165549.0
008 991209s2000 ke r 000 0 eng
010 _a 99893554
020 _a9966991204
050 0 0 _aHC865.Z9 .I535 2000
_bI535 2000
245 0 0 _aInvestors guide on financial resources for industrial projects in Kenya.
250 _aRev. ed.
260 _aNairobi, Kenya :
_bProject Finance Data Center,
_c2000.
300 _a157 p. ;
_c30 cm.
942 _2lcc
_hHC865.Z9 .I535 2000
999 _c5935
_d5935